00942nam a2200229 a 4500001001000000003000500010005001700015008004100032010001100073011001100084040000900095100003700104245021700141260004100358500006000399502008100459650001200540650002800552650002900580650003300609856007000642000109259CHAP20220329144043.0140414s2013 mx sm |||||||spa d a105721 a106693 cCHAP1 aFernández Hernández, Armando10aConstrucción de un pozo para uso agrícola en el predio Rancho La Ilusión de la Comunidad del Ojo de Agua de Ballesteros del municipio de Salvatierra, Gto.h[En línea]cpor Armando Fernández Hernández. aChapingo, Méx. :bEl autor,c2013. aPara ver el contenido del material haga clic en la liga aTesis (Ing. Agr. Esp. en Irrigación) -- UACH. Departamento de Irrigación14aBombeo.14aPerforación de pozos.14aPozos para irrigación.14aPozos ProfundosxGuanajuato. aFinding aiduhttp://10.13.5.2/tesis/sist109259.pdfzTeclea aquí